[Event "CZE-chT2C 1617"]
[Site "Czech Republic"]
[Date "2016.10.09"]
[Round "1.1"]
[White "Balacek, Tadeas"]
[Black "Mejzlik, Ondrej"]
[Result "1/2-1/2"]
[WhiteElo "2328"]
[BlackElo "2326"]
[PlyCount "69"]
[EventDate "2016.10.09"]
[EventType "team-tourn"]
[EventRounds "11"]
[EventCountry "CZE"]
[SourceTitle "EXT 2022"]
[Source "ChessBase"]
[SourceDate "2021.10.06"]
[SourceVersion "1"]
[SourceVersionDate "2021.10.06"]
[SourceQuality "1"]
[WhiteTeam "Lysa nad Labem IV"]
[BlackTeam "Vlasim"]
[WhiteTeamCountry "CZE"]
[BlackTeamCountry "CZE"]

1. d4 d5 2. c4 c6 3. Nf3 Nf6 4. Nc3 g6 5. e3 Bg7 6. Bd3 0-0 7. 0-0 Nbd7 8. cxd5 cxd5 9. Qb3 e6 10. Bd2 Re8 11. Rfc1 a6 12. a4 b6 13. Na2 Bb7 14. a5 b5 15. Nb4 Ne4 16. Nc6 Qf6 17. Bb4 Rac8 18. Bxe4 dxe4 19. Nfe5 Nxe5 20. Nxe5 Bd5 21. Qd1 Qd8 22. Rxc8 Qxc8 23. Rc1 Qb7 24. Qc2 Bxe5 25. dxe5 Bc4 26. b3 Bd5 27. h4 Qb8 28. Qc3 Qd8 29. g3 Kg7 30. Bd6 h5 31. b4 g5 32. Bc7 Qe7 33. Bd6 Qd8 34. Bc7 Qe7 35. Bd6 1/2-1/2

[Event "CZE-chT1W 1516"]
[Site "Czech Republic"]
[Date "2015.11.15"]
[Round "3.2"]
[White "Cernousek, Lukas"]
[Black "Mejzlik, Ondrej"]
[Result "1-0"]
[WhiteElo "2463"]
[BlackElo "2315"]
[PlyCount "85"]
[EventDate "2015.10.11"]
[EventType "team-tourn"]
[EventRounds "11"]
[EventCountry "CZE"]
[SourceTitle "CBM 169 Extra"]
[Source "ChessBase"]
[SourceDate "2015.12.18"]
[SourceVersion "1"]
[SourceVersionDate "2015.12.18"]
[SourceQuality "1"]
[WhiteTeam "Unichess"]
[BlackTeam "Vlasim"]
[WhiteTeamCountry "CZE"]
[BlackTeamCountry "CZE"]

1. e4 c6 2. d4 d5 3. Nd2 dxe4 4. Nxe4 Nd7 5. Ng5 Ngf6 6. Bd3 e6 7. N1f3 Bd6 8. Qe2 h6 9. Ne4 Nxe4 10. Qxe4 Nf6 11. Qe2 Qc7 12. Bd2 a6 13. 0-0-0 b5 14. Rhe1 c5 15. dxc5 Bxc5 16. Ne5 Bd6 17. f4 Bb7 18. Kb1 Bd5 19. g4 Nd7 20. c4 bxc4 21. Bxc4 Bxe5 22. Bxd5 exd5 23. Bb4 Qb7 24. Bd6 Qc6 25. fxe5 Nf8 26. Rc1 Qb6 27. Qd2 Ne6 28. Qxd5 Rd8 29. Rc6 Qb7 30. Qc4 Qb5 31. Qxb5 axb5 32. Rb6 h5 33. g5 Nxg5 34. Rb7 Rd7 35. Rb8+ Rd8 36. Rb7 Rd7 37. Rxb5 Ne6 38. Rc1 f6 39. Rb8+ Nd8 40. Rcc8 fxe5 41. Bxe5 Rg8 42. Bc7 Ke7 43. Bxd8+ 1-0

[Event "CZE-chT1W 1516"]
[Site "Czech Republic"]
[Date "2015.11.01"]
[Round "2.2"]
[White "Mejzlik, Ondrej"]
[Black "Rosko, Lubos"]
[Result "1/2-1/2"]
[WhiteElo "2315"]
[BlackElo "2356"]
[PlyCount "69"]
[EventDate "2015.10.11"]
[EventType "team-tourn"]
[EventRounds "11"]
[EventCountry "CZE"]
[SourceTitle "CBM 169 Extra"]
[Source "ChessBase"]
[SourceDate "2015.12.18"]
[SourceVersion "1"]
[SourceVersionDate "2015.12.18"]
[SourceQuality "1"]
[WhiteTeam "Vlasim"]
[BlackTeam "Hradec Kralove"]
[WhiteTeamCountry "CZE"]
[BlackTeamCountry "CZE"]

1. c4 e5 2. Nc3 Nf6 3. Nf3 Nc6 4. g3 Bb4 5. Bg2 0-0 6. 0-0 Re8 7. d3 Bxc3 8. bxc3 d6 9. Rb1 Rb8 10. Nd2 Bd7 11. Ne4 Nxe4 12. Bxe4 Na5 13. f4 Bc6 14. Bxc6 Nxc6 15. e4 exf4 16. Bxf4 Qd7 17. Rb2 Re7 18. h4 Ne5 19. h5 h6 20. Kg2 b6 21. Be3 Ng4 22. Bf4 Rbe8 23. Rb5 Re5 24. Qf3 a6 25. Rd5 Rxd5 26. cxd5 Ne5 27. Qd1 Qb5 28. c4 Qb2+ 29. Rf2 Qd4 30. Bxe5 Qxe5 31. Qf3 f6 32. Qg4 a5 33. Rf5 Qb2+ 34. Rf2 Qe5 35. Rf5 1/2-1/2

[Event "Ricany op"]
[Site "Ricany"]
[Date "2015.08.24"]
[Round "4"]
[White "Mejzlik, Ondrej"]
[Black "Skacel, Jan"]
[Result "1-0"]
[WhiteElo "2312"]
[BlackElo "2051"]
[PlyCount "97"]
[EventDate "2015.08.22"]
[EventType "swiss"]
[EventRounds "9"]
[EventCountry "CZE"]
[SourceTitle "EXT 2023"]
[Source "ChessBase"]
[SourceDate "2022.10.05"]
[SourceVersion "1"]
[SourceVersionDate "2022.10.05"]
[SourceQuality "1"]

1. c4 Nf6 2. Nc3 g6 3. e4 d6 4. g3 Bg7 5. Bg2 0-0 6. Nge2 e5 7. 0-0 Nc6 8. d3 a6 9. f4 Bg4 10. h3 Bxe2 11. Nxe2 b5 12. f5 Nd7 13. Be3 Rb8 14. b3 Nd4 15. Qd2 Re8 16. h4 gxf5 17. Nxd4 exd4 18. Bg5 f6 19. Bf4 bxc4 20. bxc4 fxe4 21. Bxe4 Rxe4 22. dxe4 Nc5 23. Qxd4 Qd7 24. Rab1 Re8 25. Qd5+ Kh8 26. Rfe1 Qa4 27. h5 h6 28. Qf7 Rf8 29. Qg6 Qxc4 30. Bxh6 Qf7 31. Qxf7 Rxf7 32. Rb8+ Kh7 33. Bxg7 Rxg7 34. Kg2 Re7 35. Ra8 f5 36. e5 dxe5 37. Rf8 f4 38. gxf4 Ne6 39. Rf5 Nxf4+ 40. Kf3 Nd3 41. Re3 e4+ 42. Rxe4 Ne1+ 43. Ke3 Ng2+ 44. Kd4 Rd7+ 45. Kc5 Rd3 46. Re7+ Kh6 47. Re6+ Kh7 48. Rf7+ Kg8 49. Rxc7 1-0

[Event "Ricany op"]
[Site "Ricany"]
[Date "2015.08.23"]
[Round "3"]
[White "Marikova, Jana"]
[Black "Mejzlik, Ondrej"]
[Result "1-0"]
[WhiteElo "2148"]
[BlackElo "2312"]
[PlyCount "101"]
[EventDate "2015.08.22"]
[EventType "swiss"]
[EventRounds "9"]
[EventCountry "CZE"]
[SourceTitle "EXT 2023"]
[Source "ChessBase"]
[SourceDate "2022.10.05"]
[SourceVersion "1"]
[SourceVersionDate "2022.10.05"]
[SourceQuality "1"]

1. d4 d5 2. c4 c6 3. Nc3 Nf6 4. Nf3 dxc4 5. a4 Nd5 6. e4 Nxc3 7. bxc3 b5 8. Be3 e6 9. Be2 Be7 10. 0-0 0-0 11. Qb1 a6 12. Rd1 Bf6 13. e5 Be7 14. Qe4 Bb7 15. Qg4 Kh8 16. Ng5 Nd7 17. Bf3 Bxg5 18. Bxg5 Qe8 19. Qh4 f6 20. exf6 gxf6 21. Bh6 Rg8 22. Re1 Qf7 23. Qh3 f5 24. Bf4 Rg6 25. axb5 axb5 26. Rxa8+ Bxa8 27. Bh5 c5 28. Bxg6 Qxg6 29. dxc5 Nxc5 30. Ra1 Na4 31. Be5+ Kg8 32. Rd1 Bd5 33. f3 Qg5 34. f4 Qg4 35. Qxg4+ fxg4 36. Rb1 Bc6 37. Bd4 Kf7 38. Kf2 Kg6 39. Kg3 Kf5 40. h3 gxh3 41. gxh3 h6 42. Re1 Be4 43. Re2 h5 44. h4 b4 45. cxb4 c3 46. Re1 c2 47. b5 Bd5 48. b6 Kg6 49. Rc1 Be4 50. Rxc2 Nxb6 51. Re2 1-0

[Event "CZE-chT2C 1415"]
[Site "Czech Republic"]
[Date "2015.04.19"]
[Round "11.1"]
[White "Mejzlik, Ondrej"]
[Black "Seidl, Stepan"]
[Result "1/2-1/2"]
[WhiteElo "2326"]
[BlackElo "2211"]
[PlyCount "150"]
[EventDate "2014.11.02"]
[EventType "team-tourn"]
[EventRounds "11"]
[EventCountry "CZE"]
[SourceTitle "EXT 2022"]
[Source "ChessBase"]
[SourceDate "2021.10.06"]
[SourceVersion "1"]
[SourceVersionDate "2021.10.06"]
[SourceQuality "1"]
[WhiteTeam "Dolni Kralovice"]
[BlackTeam "Jihlava Silko Gambit"]
[WhiteTeamCountry "CZE"]
[BlackTeamCountry "CZE"]

1. c4 e5 2. Nc3 Nf6 3. g3 Nc6 4. Bg2 Bb4 5. Nd5 Bc5 6. e3 0-0 7. Ne2 d6 8. 0-0 Bg4 9. f3 Bd7 10. d4 Bb6 11. Nxb6 axb6 12. d5 Nb4 13. Bd2 Na6 14. Nc3 Nc5 15. e4 Na4 16. b3 Nxc3 17. Bxc3 Re8 18. a4 Qc8 19. f4 Ng4 20. Qf3 exf4 21. gxf4 f6 22. Qg3 Qd8 23. Kh1 Qe7 24. Bf3 Nh6 25. Rg1 Kh8 26. Qh4 Ng8 27. Rg2 Qf8 28. Rag1 Re7 29. Bd1 Rxe4 30. Bc2 Rae8 31. Bxe4 Rxe4 32. Qg3 g6 33. Re1 Bf5 34. Rge2 Rxe2 35. Rxe2 Kg7 36. Qe1 Kf7 37. Re3 Qh6 38. Qg3 Qh5 39. Re1 Bd7 40. Qe3 Qf5 41. Bd4 h5 42. Kg2 Qg4+ 43. Qg3 Qf5 44. h3 Qc2+ 45. Kg1 Qd2 46. Qe3 Qc2 47. Re2 Qf5 48. Kh2 Kg7 49. Bc3 Kf7 50. a5 bxa5 51. Bxa5 b6 52. Bc3 Qb1 53. Bd4 Kg7 54. Qc3 Qf5 55. Rf2 Kf7 56. b4 Ne7 57. Rf3 b5 58. cxb5 Nxd5 59. Qc4 g5 60. b6 cxb6 61. Bxb6 g4 62. Rg3 Be6 63. Bg1 Nxf4 64. Qc7+ Kg6 65. Qc3 Ne2 66. Qd3 Nxg3 67. Qxg3 Qe5 68. Bf2 Bc4 69. hxg4 hxg4 70. Kg1 f5 71. Qh4 Qe2 72. Qg3 Qe5 73. Qh4 Qe2 74. Qg3 Qf1+ 75. Kh2 Qh3+ 1/2-1/2

[Event "CZE-chT1W 1415"]
[Site "Czech Republic"]
[Date "2015.04.12"]
[Round "11.1"]
[White "Mejzlik, Ondrej"]
[Black "Soukup, Jiri"]
[Result "0-1"]
[WhiteElo "2326"]
[BlackElo "2356"]
[PlyCount "126"]
[EventDate "2014.10.19"]
[EventType "team-tourn"]
[EventRounds "11"]
[EventCountry "CZE"]
[SourceTitle "EXT 2016"]
[Source "ChessBase"]
[SourceDate "2015.10.08"]
[SourceVersion "1"]
[SourceVersionDate "2015.10.08"]
[SourceQuality "1"]
[WhiteTeam "Vlasim"]
[BlackTeam "Karlovy Vary"]
[WhiteTeamCountry "CZE"]
[BlackTeamCountry "CZE"]

1. c4 e5 2. Nc3 Nf6 3. g3 d5 4. cxd5 Nxd5 5. Bg2 Nb6 6. Nf3 Nc6 7. 0-0 Be6 8. d3 Be7 9. a3 f5 10. e3 Bf6 11. d4 e4 12. Nd2 Ne7 13. b4 0-0 14. a4 Nbd5 15. Nxd5 Nxd5 16. Ba3 Be7 17. Qb1 Rf6 18. Rc1 Rh6 19. b5 Bxa3 20. Rxa3 Qg5 21. Nc4 Qh5 22. h4 g5 23. hxg5 Qxg5 24. a5 Rf8 25. Ne5 Qe7 26. Rb3 Qe8 27. Rb2 Kh8 28. Qc2 Rg8 29. Qe2 Qe7 30. a6 bxa6 31. bxa6 Bc8 32. Qc4 Rd6 33. Qc5 Bxa6 34. Qxa7 Bc8 35. Rbc2 Rg7 36. Qb8 Qe8 37. Rc6 Rd8 38. Qa7 Be6 39. Qc5 h5 40. Kf1 Rb8 41. Bh3 Rb2 42. Rxe6 Qxe6 43. Qf8+ Qg8 44. Qxf5 Rb6 45. Qxe4 Nf6 46. Qf5 h4 47. g4 Nd5 48. Bg2 Ne7 49. Qh5+ Rh7 50. Nf7+ Qxf7 51. Qe5+ Qf6 52. Qxc7 Rb2 53. f4 h3 54. Bh1 Qa6+ 55. Rc4 Ng8 56. Qc5 Rb1+ 57. Kf2 Rxh1 58. Qe5+ Qf6 59. Qd5 Qh4+ 60. Kf3 Rf1+ 61. Ke2 Qe1+ 62. Kd3 Qb1+ 63. Rc2 Rd1+ 0-1

[Event "CZE-chT1W 1415"]
[Site "Czech Republic"]
[Date "2015.03.01"]
[Round "9.2"]
[White "Dolezal, Radoslav"]
[Black "Mejzlik, Ondrej"]
[Result "1/2-1/2"]
[WhiteElo "2361"]
[BlackElo "2326"]
[PlyCount "57"]
[EventDate "2014.10.19"]
[EventType "team-tourn"]
[EventRounds "11"]
[EventCountry "CZE"]
[SourceTitle "EXT 2016"]
[Source "ChessBase"]
[SourceDate "2015.10.08"]
[SourceVersion "1"]
[SourceVersionDate "2015.10.08"]
[SourceQuality "1"]
[WhiteTeam "Praha Pankrac"]
[BlackTeam "Vlasim"]
[WhiteTeamCountry "CZE"]
[BlackTeamCountry "CZE"]

1. Nf3 d5 2. e3 Nf6 3. c4 c6 4. b3 Bg4 5. Bb2 e6 6. h3 Bh5 7. g4 Bg6 8. Ne5 Be4 9. f3 Bxb1 10. Qxb1 Bd6 11. Bg2 Nbd7 12. Nxd7 Qxd7 13. f4 Bc5 14. g5 Nh5 15. cxd5 exd5 16. Qc2 Qe7 17. 0-0-0 Ba3 18. Bf3 Ng3 19. Rhg1 Ne4 20. Bxe4 dxe4 21. Bxa3 Qxa3+ 22. Kb1 Qb4 23. Qc3 Qxc3 24. dxc3 Rd8 25. Rxd8+ Kxd8 26. Rd1+ Kc7 27. Rd4 Re8 28. c4 f5 29. Kc2 1/2-1/2

[Event "CZE-chT1W 1415"]
[Site "Czech Republic"]
[Date "2015.02.15"]
[Round "8.2"]
[White "Mejzlik, Ondrej"]
[Black "Lechtynsky, Jiri"]
[Result "1/2-1/2"]
[WhiteElo "2326"]
[BlackElo "2373"]
[PlyCount "87"]
[EventDate "2014.10.19"]
[EventType "team-tourn"]
[EventRounds "11"]
[EventCountry "CZE"]
[SourceTitle "EXT 2016"]
[Source "ChessBase"]
[SourceDate "2015.10.08"]
[SourceVersion "1"]
[SourceVersionDate "2015.10.08"]
[SourceQuality "1"]
[WhiteTeam "Vlasim"]
[BlackTeam "Ceske Budejovice"]
[WhiteTeamCountry "CZE"]
[BlackTeamCountry "CZE"]

1. c4 c6 2. d4 d5 3. e3 Nf6 4. Nf3 g6 5. Nc3 Bg7 6. Be2 0-0 7. 0-0 Bg4 8. h3 Bxf3 9. Bxf3 e6 10. Bd2 Qd6 11. cxd5 cxd5 12. Rc1 Nc6 13. Nb5 Qd7 14. a4 a6 15. Na3 e5 16. dxe5 Nxe5 17. Bc3 Nxf3+ 18. Qxf3 Ne4 19. Bxg7 Kxg7 20. Rfd1 Rfd8 21. Rd4 Rac8 22. Rxc8 Qxc8 23. Qd1 Qf5 24. f3 Nf6 25. Rf4 Qe5 26. Qd4 Qxd4 27. Rxd4 Rc8 28. Kf2 Kf8 29. g4 h6 30. h4 Rc5 31. Ke2 Ke7 32. Kd2 Ke6 33. Rb4 Rc7 34. Nc2 Nd7 35. b3 b6 36. Rf4 Nc5 37. Nd4+ Ke7 38. g5 hxg5 39. hxg5 Nd7 40. Rh4 Rc8 41. Rh7 Nc5 42. Ke2 Rf8 43. Rh1 Rc8 44. Rh7 1/2-1/2